Rozhodovanie v distribučných kanáloch
Enregistré dans:
| Auteur principal: | |
|---|---|
| Collectivité auteur: | |
| Format: | Livre |
| Langue: | slovaque |
| Publié: |
Bratislava
EU
1994
|
| Édition: | 1. vyd. |
| Sujets: | |
| Tags: |
Pas de tags, Soyez le premier à ajouter un tag!
|
MARC
| LEADER | 00000nam a2200000 4500 | ||
|---|---|---|---|
| 001 | c005236 | ||
| 005 | 20240502071308.5 | ||
| 020 | |a 80-225-0575-7 | ||
| 041 | 0 | |a slo | |
| 044 | |a SK | ||
| 245 | 1 | 0 | |a Rozhodovanie v distribučných kanáloch |c Ferdinand Daňo |
| 250 | |a 1. vyd. | ||
| 264 | 1 | |a Bratislava |b EU |c 1994 | |
| 300 | |a 200 s. | ||
| 610 | 2 | 0 | |a rozhodovanie |
| 610 | 2 | 0 | |a distribúcia |
| 610 | 2 | 0 | |a kanály |
| 610 | 2 | 0 | |a odbyt |
| 610 | 2 | 0 | |a kontrola |
| 610 | 2 | 0 | |a koncepcie |
| 610 | 2 | 0 | |a manažment |
| 610 | 2 | 0 | |a manažéri |
| 610 | 2 | 0 | |a diagramy vývojové |
| 100 | 1 | |a Daňo, Ferdinand, 1959- | |
| 710 | 2 | |a Ekonomická univerzita v Bratislave. Obchodná fakulta | |